000
00407nam a2200145Ia 4500
008
100204s9999 xx 000 0 und d
082
_b
25256
100
_a
मनोहर अनंत
245
_a
जॅकपॉट
260
_b
"निशांत प्रकाशन , पुणे"
_c
2002
300
_a
191
630
_a
जॅकपॉट
730
_a
जॅकपॉट
942
_c
BOOK
999
_c
470436
_d
470433